| 000 | 00519nam a22001697a 4500 | ||
|---|---|---|---|
| 008 | 160604b xxu||||| |||| 00| 0 eng d | ||
| 082 |
_22002 _aDFil 657.45 _bC11 |
||
| 100 |
_910120 _aCabrera, Ma. Elenita B. |
||
| 245 |
_aApplied auditing/ _cMa. Elenita B. Cabrera |
||
| 250 | _a2002 Edition | ||
| 260 |
_aManila: _bGIC Enterprises & Co.,Inc., _cc2002. |
||
| 300 |
_axiii, 630 pages: _billustrations; _c24 cm. |
||
| 500 | _aInclude references | ||
| 650 | 0 |
_910122 _aAuditing |
|
| 365 |
_b330.00 _cPhp. |
||
| 942 |
_2ddc _cDFIL |
||
| 999 |
_c3031 _d3031 |
||